00531nam a22000977a 4500008004100000010001200041245007800053260000900131500013300140500016000273110616t xxu||||| |||| 00| 0 eng d aCACAF46 aCourt of Appeal Criminal Appeal No. 30 OF 2000 Antonio Ruhweza Vs Uganda  c2000 aCoram: Hon. Mr. Justice C.M. Kato,JA Hon. Mr. Justice J.P. Berko,JA Hon. Lady Justice C.N.B. Kitumba, JA aAppeal from a conviction and sentence of the High Court at Fort Portal by Mr. Justice Yorokamu Bamwine dated 6th June 2000 in Criminal Case No. 14 of 1998